A BOOK OF INDUSTRIAL PHARMACY-I SIMPLIFIED (SEM-V) (Record no. 5790)

MARC details
000 -LEADER
fixed length control field 00483nam a22001697a 4500
005 - DATE AND TIME OF LATEST TRANSACTION
control field 20240108111155.0
008 - FIXED-LENGTH DATA ELEMENTS--GENERAL INFORMATION
fixed length control field 190326b xxu||||| |||| 00| 0 eng d
020 ## - INTERNATIONAL STANDARD BOOK NUMBER
ISBN 978-93-51646-659-4
041 ## - LANGUAGE CODE
Language code of text/sound track or separate title eng
100 ## - MAIN ENTRY--AUTHOR NAME
Personal name JAIN, DR.KISHOR S .,DHUPEE,SHEETAL B.,AND BARSE,ROSHAN K.
245 ## - TITLE STATEMENT
Title A BOOK OF INDUSTRIAL PHARMACY-I SIMPLIFIED (SEM-V)
250 ## - EDITION STATEMENT
Edition statement 3 rd, 2018
260 ## - PUBLICATION, DISTRIBUTION, ETC. (IMPRINT)
Place of publication PUNE
Name of publisher NIRALI PRAKASHAN
300 ## - PHYSICAL DESCRIPTION
Number of Pages 4.42 p,
650 ## - SUBJECT ADDED ENTRY--TOPICAL TERM
Topical Term PHARMACY
General subdivision D.PHARMA
942 ## - ADDED ENTRY ELEMENTS (KOHA)
Koha item type Books
Holdings
Lost status Damaged status Collection code Home library Current library Shelving location Date acquired Source of acquisition Cost, normal purchase price Accession Number Koha item type
    Reference JRU Library JRU Library SHELF-4-C 26/03/2019 PURCHESS 125.00 22557 Books
    PHARMACY JRU Library JRU Library Shelf - 22- C 26/03/2019 PURCHESS 125.00 22558 Books
    PHARMACY JRU Library JRU Library Shelf - 22- C 26/03/2019 PURCHESS 125.00 22559 Books